South Eastern Kenya University

Library Online Public Access Catalogue


Encyclopedia of soil science (Record no. 8726)

MARC details
000 -LEADER
fixed length control field 00660cam a2200229 a 4500
001 - CONTROL NUMBER
control field 13008272
003 - CONTROL NUMBER IDENTIFIER
control field OSt
005 - DATE AND TIME OF LATEST TRANSACTION
control field 20150908102014.0
008 - FIXED-LENGTH DATA ELEMENTS--GENERAL INFORMATION
fixed length control field 021121s2002 nyua be 001 0 eng d
010 ## - LIBRARY OF CONGRESS CONTROL NUMBER
LC control number 2001522633
020 ## - INTERNATIONAL STANDARD BOOK NUMBER
International Standard Book Number 082470634X (acid free paper)
035 ## - SYSTEM CONTROL NUMBER
System control number (OCoLC)ocm50953924
040 ## - CATALOGING SOURCE
Original cataloging agency SEKU
050 00 - LIBRARY OF CONGRESS CALL NUMBER
Classification number S 592
Item number .E5 2002
245 00 - TITLE STATEMENT
Title Encyclopedia of soil science
Statement of responsibility, etc. edited by Rattan Lal.
260 ## - PUBLICATION, DISTRIBUTION, ETC. (IMPRINT)
Place of publication, distribution, etc. New York :
Name of publisher, distributor, etc. Marcel Dekker,
Date of publication, distribution, etc. c2002.
300 ## - PHYSICAL DESCRIPTION
Extent xxviii, 1476 p. :
Other physical details ill. ;
Dimensions 29 cm.
504 ## - BIBLIOGRAPHY, ETC. NOTE
Bibliography, etc Includes bibliographical references and index.
650 #0 - SUBJECT ADDED ENTRY--TOPICAL TERM
Topical term or geographic name as entry element Soil science
Form subdivision Encyclopedias.
700 1# - ADDED ENTRY--PERSONAL NAME
Personal name Lal, R.
942 ## - ADDED ENTRY ELEMENTS (KOHA)
Source of classification or shelving scheme Library of Congress Classification
Koha item type General circulation
Holdings
Withdrawn status Lost status Source of classification or shelving scheme Damaged status Not for loan Home library Current library Shelving location Date acquired Source of acquisition Total Checkouts Full call number Barcode Date last seen Price effective from Koha item type Public note
    Library of Congress Classification     Wote Campus Library Wote Campus Library General Stacks 08/09/2015 Donation Books for Africa   S 592 .E5 2002 2015/007154 08/09/2015 08/09/2015 General circulation amk
Kitui, Kenya.
+254736116989
library@seku.ac.ke